000 00888nam a2200229Ia 4500
003 IN-BaIIA
008 211028s9999 xx 000 0 eng d
040 _cIIA Library
080 _a523.945(063)
_bKIE
111 _aColloquium on the Fine Structure of the Solar Chromosphere
_cAnacapri
_d1966 June 6 – 8
_912729
245 4 _aThe fine structure of the solar chromosphere
_bcolloquium at the german solar observatory Anacapri 6 – 8 June. 1966
_cedited by K. O. Kipenhever
260 _aWiesbaden
_bFranz Steiner Verlag
_c1966
300 _a149p.
500 _aDonated by Mrs. Bappu
650 _aActive Sun
_95272
650 _aAstronomy and Astrophysics Thesaurus
650 _aSolar Activity
_91424
650 _aSolar Atmosphere
_94799
700 _aKipenhever, K. O., ed.
_912730
710 _aGerman solar observatory
_912731
942 _cBK
999 _c7454
_d7454